|
|
|
|
| LEADER |
00940nam a2200229 a 4500 |
| 001 |
2959479 |
| 008 |
090823s1991 si a b 001 0 eng d |
| 010 |
|
|
|a \\\91013207
|
| 020 |
|
|
|a 9810205678
|
| 020 |
|
|
|a 9810205686 (pbk)
|
| 040 |
|
|
|a DLC
|c DLC
|d DLC
|
| 082 |
0 |
0 |
|a 512/.5
|2 20
|
| 100 |
1 |
|
|a Robinson, Derek John Scott.
|
| 245 |
1 |
2 |
|a A course in linear algebra with applications /
|c Derek J.S. Robinson.
|
| 260 |
|
|
|a Singapore ;
|a River Edge, NJ :
|b World Scientific,
|c c1991.
|
| 300 |
|
|
|a xiii, 422 p. :
|b ill. ;
|c 23 cm.
|
| 504 |
|
|
|a Includes bibliographical references (p. 413-414) and index.
|
| 541 |
1 |
|
|e 00014628
|
| 650 |
|
0 |
|a Algebras, Linear.
|
| 852 |
4 |
|
|a Ayesha Abed Library
|j General shelf
|
| 999 |
|
|
|c 3578
|d 3578
|
| 952 |
|
|
|0 0
|1 0
|2 ddc
|4 0
|6 512_500000000000000_ROB
|7 0
|9 3249
|a BRACUL
|b BRACUL
|c GEN
|d 2009-09-02
|g 0.00
|l 20
|m 110
|o 512.5 ROB
|p 3010014628
|q 2026-09-06
|r 2026-05-07
|s 2026-05-07
|t 1
|w 2009-09-02
|y BK
|x No price found in the accession register.
|